Cinéma : Titre lettre à lettre - Statistiques

Statistiques générales
  • Ce quiz a été pris 159 fois
  • Le résultat moyen est 13 sur 55
Statistiques - réponses
Lettre Question Réponse % Correct
S Version écrite d'un projet de film Scénario
73%
S Découvert dans "Intouchables" (nom) Sy
66%
F Personne qui apparait dans un film Figurant
64%
N Acteur prénommé Pierre qui a incarné Yves Saint-Laurent Niney
62%
F Retour en arrière Flash-back
60%
D Gérard est son prénom... Depardieu
55%
T Déplacement de caméra sur un support mobile Travelling
53%
A Actrice prénommée Isabelle Adjani
50%
S Actrice prénommé Romy Schneider
48%
S Partie d'un cinéma où se déroule la projection Salle
47%
R Cinéaste Réalisateur
42%
U Acteur prénommé Gaspard Ulliel
40%
A Suite de faits et d'actes constituant le sujet Action
37%
D Derrière les acteurs Décor
37%
E Saut temporel dans la narration Ellipse
36%
G Recense l'ensemble des personnes physiques ou morales qui ont participé à la création d'une œuvre cinématographique et présente leurs noms au début ou à la fin du film. Générique
36%
P Lieu de création d'un film Plateau
34%
D Expression consacrée pour valider une prise de vues, elle est ... (3 mots) dans la boite
31%
C Apparition fugace dans un récit d'un acteur, d'une actrice, du réalisateur ou d'une personnalité quelconque. Caméo
29%
A Effet qui permet de voir une action en un temps moins long que sa durée réelle Accéléré
27%
E Ensemble des dispositifs lumineux Eclairage
26%
V Vidéocassette VHS
24%
N En général les tubes fluorescents Néons
23%
B Résumé attractif d'un film Bande-annonce
21%
S Succession de scènes découpées en plans Séquence
20%
P Morceau de film entre deux raccords Plan
19%
T Prises de sons et de vues Tournage
18%
D Auteur des paroles prononcées par les acteurs Dialoguiste
17%
N Tournage d'une séquence de nuit en plein jour (2 mots) Nuit américaine
17%
R Vidéos et sons bruts Rushes
15%
U Andess est son nom Ursula
14%
L Réalisateur de la série des 7e Compagnie (Nom) Lamoureux
13%
R Recherche des lieux de tournage Repérage
13%
N Inoubliable bienheureux (nom) Noiret
11%
P Ensemble des opérations qui suivent les prises de vues Postproduction
11%
A Acteur prénommé Pierre Arditi
10%
A Décor derrière l'action Arrière-plan
10%
S Ordre donné par le réalisateur Silence
8%
E Propriétaire d'un cinéma Exploitant
7%
E Techniques de traitement du son et des vues Effets
6%
R Enchaînement de deux plans Raccord
6%
U Cinéma alternatif Underground
5%
A Bataille souvent portée à l'écran Austerlitz
4%
N Acteur au double prénom comme pseudonyme Noël-Noël
4%
I Carton du cinéma muet Intertitre
3%
O Montage bout-à-bout des plans et des prises de vues retenues des rushes. Ours
3%
A Ouverture entre les limites latérales d'un champ Angle
2%
E Transition entre les plans Enchaînement
2%
O Actrice au prénom léger, léger Ogier
2%
U Equipe à Hollywood Unit
2%
D Générique de fin Déroulant
1%
E Responsable de l'ameublement d'un décor Ensemblier
1%
E Acteur et metteur en scène prénommé Maurice Escande
1%
S Croquis d'un projet de film Scénarimage
1%
U Un film de très haute sensibilité Ultrarapide
1%
Aucun quiz correspondant
Distribution des résultats
% des personnes avec chaque résultat
Percentile par nombre de réponses
Votre historique - résultats
Vous n’avez pas pris ce quiz